[Event "Oberoesterreich-ch op"]
[Site "Haid/Ansfelden"]
[Date "2018.03.31"]
[Round "9"]
[White "Lachmaier, Franz Sr"]
[Black "Bernhard, Julia"]
[Result "0-1"]
[WhiteElo "1808"]
[BlackElo "1803"]
[PlyCount "68"]
[EventDate "2018.03.23"]
[EventType "swiss"]
[EventRounds "9"]
[EventCountry "AUT"]
[SourceTitle "EXT 2021"]
[Source "ChessBase"]
[SourceDate "2020.10.23"]
[SourceVersion "1"]
[SourceVersionDate "2020.10.23"]
[SourceQuality "1"]

1. d4 Nf6 2. c4 e5 3. d5 Bc5 4. e3 d6 5. Nc3 c6 6. Be2 e4 7. Qc2 Qe7 8. a3 a5 9. b3 Bf5 10. Bb2 Nbd7 11. dxc6 bxc6 12. Na4 0-0 13. Nxc5 Nxc5 14. Bd4 Nfd7 15. Qc3 Ne6 16. Qd2 Nxd4 17. Qxd4 Nc5 18. Qc3 Rfb8 19. Rb1 f6 20. b4 axb4 21. axb4 Ra2 22. b5 Nd3+ 23. Bxd3 exd3 24. Nf3 Re2+ 25. Kf1 Rc2 26. Qb4 c5 27. Qa5 Rxc4 28. b6 d2 29. Ke2 Bxb1 30. Rxb1 Rc1 31. Nxd2 Rxb1 32. Nxb1 Qe4 33. Nc3 Qc2+ 34. Kf3 Qb3 0-1

[Event "Admont 4 Lands (Women)"]
[Site "Admont"]
[Date "2017.06.03"]
[Round "1.1"]
[White "Landl, Margot"]
[Black "Bernhard, Julia"]
[Result "1/2-1/2"]
[WhiteElo "1950"]
[BlackElo "1828"]
[PlyCount "79"]
[EventDate "2017.06.03"]
[EventType "team-tourn"]
[EventRounds "3"]
[EventCountry "AUT"]
[SourceTitle "EXT 2020"]
[Source "ChessBase"]
[SourceDate "2019.10.17"]
[SourceVersion "1"]
[SourceVersionDate "2019.10.17"]
[SourceQuality "1"]
[WhiteTeam "Steiermark (W)"]
[BlackTeam "Oberoesterreich (W)"]
[WhiteTeamCountry "AUT"]
[BlackTeamCountry "AUT"]

1. e4 e5 2. Nf3 Nc6 3. Bb5 a6 4. Ba4 Nf6 5. 0-0 Be7 6. Bxc6 dxc6 7. d3 Bg4 8. h3 Bxf3 9. Qxf3 Qd7 10. Nd2 Qe6 11. Nc4 0-0-0 12. a4 h6 13. Ne3 g6 14. Bd2 Kb8 15. b4 Nh7 16. Bc3 Bd6 17. b5 Ng5 18. Qe2 f5 19. f3 f4 20. Nc4 Bc5+ 21. Kh1 Nf7 22. bxc6 b6 23. Bb2 g5 24. c3 Qxc6 25. Nxe5 Nxe5 26. d4 Kb7 27. dxe5 Be3 28. Rfd1 h5 29. c4 Qe6 30. Rxd8 Rxd8 31. Rd1 Qxc4 32. Qf1 Qxf1+ 33. Rxf1 Kc8 34. e6 Re8 35. Bf6 g4 36. e7 Bc5 37. fxg4 hxg4 38. Rxf4 gxh3 39. gxh3 Bxe7 40. Bxe7 1/2-1/2

[Event "Reykjavik op"]
[Site "Reykjavik"]
[Date "2016.03.09"]
[Round "2"]
[White "Baer, Samuel"]
[Black "Bernhard, Julia"]
[Result "1/2-1/2"]
[WhiteElo "2003"]
[BlackElo "1769"]
[PlyCount "98"]
[EventDate "2016.03.08"]
[EventType "swiss"]
[EventRounds "10"]
[EventCountry "ISL"]
[SourceTitle "CBM 171 Extra"]
[Source "ChessBase"]
[SourceDate "2016.04.26"]
[SourceVersion "1"]
[SourceVersionDate "2016.04.26"]
[SourceQuality "1"]

1. d4 Nf6 2. c4 e5 3. dxe5 Ng4 4. Bf4 g5 5. Bg3 Bg7 6. Nc3 Nxe5 7. e3 d6 8. Rc1 Be6 9. Be2 a6 10. b3 Nbd7 11. Nf3 h5 12. Nxe5 Bxe5 13. Bxe5 Nxe5 14. Qd4 c5 15. Qd2 Qc7 16. Ne4 0-0-0 17. Nxg5 Rhg8 18. Nxe6 fxe6 19. g3 h4 20. e4 Qh7 21. Qe3 hxg3 22. fxg3 Rdf8 23. Kd2 Ng4 24. Bxg4 Rxg4 25. Rce1 b6 26. Qe2 Qg7 27. Kc2 Qg6 28. Rhf1 Rxf1 29. Qxf1 Rxe4 30. Qd3 Rg4 31. Qxg6 Rxg6 32. Rf1 Kd7 33. Kd3 Ke7 34. Rf3 Rg4 35. Rf4 Rxf4 36. gxf4 Kf6 37. Ke4 b5 38. cxb5 axb5 39. a4 c4 40. a5 cxb3 41. Kd3 e5 42. fxe5+ dxe5 43. Kc3 e4 44. Kxb3 e3 45. Kc2 b4 46. a6 b3+ 47. Kxb3 e2 48. a7 e1Q 49. a8Q Qb1+ 1/2-1/2

[Event "AUT-chT (Women) 1415"]
[Site "Austria"]
[Date "2015.02.27"]
[Round "4.2"]
[White "Hapala, Elisabeth"]
[Black "Bernhard, Julia"]
[Result "0-1"]
[WhiteElo "2074"]
[BlackElo "1754"]
[PlyCount "116"]
[EventDate "2014.10.03"]
[EventType "team-swiss"]
[EventRounds "9"]
[EventCountry "AUT"]
[SourceTitle "EXT 2016"]
[Source "ChessBase"]
[SourceDate "2015.10.08"]
[SourceVersion "1"]
[SourceVersionDate "2015.10.08"]
[SourceQuality "1"]
[WhiteTeam "Pamhagen (W)"]
[BlackTeam "Steyr (W) II"]
[WhiteTeamCountry "AUT"]
[BlackTeamCountry "AUT"]

1. e4 e5 2. Nf3 Nc6 3. Bb5 a6 4. Ba4 Nf6 5. 0-0 b5 6. Bb3 Be7 7. d4 d6 8. dxe5 Nxe5 9. Nxe5 dxe5 10. Qxd8+ Bxd8 11. f3 c5 12. c3 c4 13. Bc2 Bb6+ 14. Kh1 Be6 15. a4 0-0 16. Bg5 Nd7 17. Na3 f6 18. Bh4 bxa4 19. Bxa4 Nc5 20. Bc2 Rfd8 21. Rfd1 Nb3 22. Bxb3 cxb3 23. Rac1 Bc5 24. Nb1 a5 25. g4 g5 26. Be1 a4 27. Rxd8+ Rxd8 28. Kg2 Be3 29. Bd2 Bc5 30. c4 Bd4 31. Nc3 Bxc4 32. Nxa4 Bxb2 33. Rxc4 Rxd2+ 34. Kg3 Bd4 35. Rb4 b2 36. Rb3 Rc2 37. Kh3 Kg7 38. Kg3 Kg6 39. Kh3 h5 40. gxh5+ Kxh5 41. Kg3 Rf2 42. Rb4 Rc2 43. Kh3 Rc4 44. Rxb2 Rxa4 45. Rb8 Ra2 46. Rh8+ Kg6 47. Kg4 Rg2+ 48. Kh3 Rf2 49. Kg3 Kg7 50. Rd8 Re2 51. Kg4 Rxh2 52. Kf5 Rh4 53. Rd7+ Kh6 54. Ke6 Rf4 55. Kf7 Kh5 56. Rd8 Kh4 57. Rh8+ Kg3 58. Kg6 Kxf3 0-1

[Event "AUT-chT (Women) 1314"]
[Site "Austria"]
[Date "2014.04.05"]
[Round "8"]
[White "Hapala, Elisabeth"]
[Black "Bernhard, Julia"]
[Result "1-0"]
[WhiteElo "2063"]
[BlackElo "1739"]
[PlyCount "53"]
[EventDate "2013.12.06"]
[EventType "team-tourn"]
[EventRounds "9"]
[EventCountry "AUT"]
[SourceTitle "EXT 2015"]
[Source "ChessBase"]
[SourceDate "2014.11.20"]
[SourceVersion "1"]
[SourceVersionDate "2014.11.20"]
[SourceQuality "1"]
[WhiteTeam "Pamhagen (W)"]
[BlackTeam "Steyr (W) II"]
[WhiteTeamCountry "AUT"]
[BlackTeamCountry "AUT"]

1. e4 e5 2. Nf3 Nc6 3. Bb5 a6 4. Ba4 Nf6 5. 0-0 Be7 6. Re1 b5 7. Bb3 d6 8. c3 0-0 9. h3 Na5 10. Bc2 c5 11. d4 Nd7 12. b3 exd4 13. cxd4 Nc6 14. Bb2 Qc7 15. Nc3 Nb6 16. d5 Nb8 17. Ne2 f5 18. Ng3 fxe4 19. Bxe4 Qd8 20. Qd3 Bf6 21. Bxh7+ Kh8 22. Bxf6 Qxf6 23. Nh5 Qf7 24. Bg6 Qxd5 25. Qc3 Qg8 26. Re4 Bf5 27. Rh4 1-0

[Event "AUT-ch U18 Girls"]
[Site "Koestendorf"]
[Date "1998.04.06"]
[Round "3.4"]
[White "Roscher, Christine"]
[Black "Bernhard, Julia"]
[Result "1/2-1/2"]
[WhiteElo "1568"]
[BlackElo "1429"]
[PlyCount "48"]
[EventDate "1998.04.04"]
[EventType "swiss"]
[EventRounds "7"]
[EventCountry "AUT"]
[SourceTitle "EXT 1999"]
[Source "ChessBase"]
[SourceDate "1998.11.16"]
[SourceVersion "1"]
[SourceVersionDate "1998.11.16"]
[SourceQuality "1"]

1. e4 e5 2. Nf3 Nc6 3. Bc4 Bc5 4. c3 Nf6 5. d3 d6 6. Bg5 h6 7. Bh4 Qe7 8. Nbd2 Be6 9. 0-0 g5 10. Bg3 Nh5 11. Nxe5 Nxe5 12. Bxe5 dxe5 13. Qxh5 0-0-0 14. Qe2 Qd7 15. Rfd1 Bg4 16. Nf3 f5 17. b4 Bb6 18. a4 a5 19. b5 Rhf8 20. Rac1 fxe4 21. dxe4 Qe7 22. Rxd8+ Qxd8 23. Rd1 Qe7 24. Qd3 Qc5 1/2-1/2